| 000 | 00779nam a22002297a 4500 | ||
|---|---|---|---|
| 999 |
_c3869 _d3869 |
||
| 003 | AR-CdUCM | ||
| 008 | 190307b ||||| |||| 00| 0 spa d | ||
| 040 |
_aMUNICIPALIDAD PROVINCIAL DEL CUSCO _cBIBLIOTECA MUNICIPAL DEL CUSCO |
||
| 082 |
_a803 / _bSO66 |
||
| 100 |
_aSolar Céspedes, José Augusto Del _912434 |
||
| 245 | _aDelicada linea insondable / | ||
| 260 |
_aTrujillo : _bSevillano, _c2003. |
||
| 300 |
_a174 paginas ; _c21 cm. |
||
| 500 | _aDedicatoria | ||
| 505 | _aOrate -- Viajera del tiempo Las tías rosario -- La bestia -- Como en un principio ... | ||
| 650 |
_aLiteratura peruana _9169 |
||
| 650 |
_aActividades fisiológicas _912435 |
||
| 650 |
_aRelatos personales _93361 |
||
| 650 |
_aEstructura del cerebro _912436 |
||
| 942 |
_2ddc _cLIBROS |
||
| 945 | _aacv | ||